La Cofradía de Nuestra Señora Madre de Dios del Carmen en Peñalsordo (Extremadura) (Record no. 17164)

MARC details
000 -LEADER
campo de control de longitud fija 00834nam a2200229 i 4500
001 - NÚMERO DE CONTROL
campo de control 17164
003 - IDENTIFICADOR DE NÚMERO DE CONTROL
campo de control ES-MaACL
005 - FECHA Y HORA DE LA ÚLTIMA TRANSACCIÓN
campo de control 20230906151521.0
007 - CAMPO FIJO DE DESCRIPCIÓN FÍSICA--INFORMACIÓN GENERAL
campo de control de longitud fija t|
008 - DATOS DE LONGITUD FIJA--INFORMACIÓN GENERAL
campo de control de longitud fija 010111s1995 sp a |||| | spa d
020 ## - NÚMERO INTERNACIONAL ESTÁNDAR DEL LIBRO
Número Internacional Estándar del Libro 84-87311-07-5
080 ## - NÚMERO DE LA CLASIFICACIÓN DECIMAL UNIVERSAL
Número de la Clasificación Decimal Universal 255(460.255 Peñalsordo)(091)
100 1# - ENTRADA PRINCIPAL--NOMBRE DE PERSONA
Nombre de persona García Galán, Alejandro.
9 (RLIN) 54633
245 13 - MENCIÓN DEL TÍTULO
Título La Cofradía de Nuestra Señora Madre de Dios del Carmen en Peñalsordo (Extremadura)
Resto del título : (estudio antropológico) /
Mención de responsabilidad, etc. Alejandro García Galán.
260 ## - PUBLICACIÓN, DISTRIBUCIÓN, ETC.
Lugar de publicación, distribución, etc. Madrid :
Nombre del editor, distribuidor, etc. Beturia,
Fecha de publicación, distribución, etc. 1995.
300 ## - DESCRIPCIÓN FÍSICA
Extensión 33 p. :
Otras características físicas il. ;
Dimensiones 21 cm.
490 1# - MENCIÓN DE SERIE
Mención de serie Los cuadernos de Beturia ;
Designación de volumen o secuencia 2
610 27 - PUNTO DE ACCESO ADICIONAL DE MATERIA--NOMBRE DE ENTIDAD CORPORATIVA
Nombre de entidad corporativa o nombre de jurisdicción como elemento de entrada La Cofrafía de Nuestra Señora Madre de Dios del Carmen (Peñalsordo)-
Subdivisión de forma Historia.
9 (RLIN) 5453
830 0# - PUNTO DE ACCESO ADICIONAL DE SERIE-TÍTULO UNIFORME
Título uniforme Los cuadernos de Beturia ;
Designación de volumen o secuencia 2
9 (RLIN) 182471
852 ## - LOCALIZACIÓN
Ubicación ES-MaACL
Número de control de estantería 2161-F-2
Holdings
Estatus retirado Estado de pérdida Estado de daño No para préstamo Colección Biblioteca de origen Biblioteca actual Ubicación en estantería Fecha de adquisición Fuente de adquisición Total de préstamos Signatura topográfica completa Código de barras Visto por última vez Precio de reemplazo Tipo de ítem Koha
        Colección de folletos Biblioteca del Ateneo de Madrid Biblioteca del Ateneo de Madrid Depósito folletos 17/01/2008     2161-F-2 1017510 23/02/2023 23/02/2023 Folleto